000
00304nam a2200121Ia 4500
008
190216s9999||||xx |||||||||||||| ||und||
100
_a
Paul Verghese C
245
0
_a
Prose Selections From Modern Writing
260
_b
Macmillan India Ltd
_c
1982
300
_a
87p
650
_a
English Prose
942
_c
BK
999
_c
13217
_d
13217